00686nam a2200169 a 450000100100000000500170001000800410002704000250006808200150009310000290010824500920013726000700022930000280029950000590032795201130038699900170049900003015220200930060103.0110503s2004 dr a 000 0 spa d aDO-SdBNPbspacBNPHU aXXXbL732g1 aLima, Dinorah de,95686310aGrupos pedagógicos :bDocentes de primero y segundo. Primer ciclo del nivel básico. aSanto Domingo :bSecretaría de Estado de Educación,c[2004?]. a208 p. :bil. ;c25 cm. aPrograma Nacional de Lectura, Escrituray Matemáticas 0010718PDaPDbPDcHDd2011-05-03iLF1l0oXXX L732gp30152-10r2020-06-25w2020-06-25yLFPDZNo se presta c29644d29644